[Event "EU-ch blitz"]
[Site "Tallinn"]
[Date "2019.12.07"]
[Round "19"]
[White "Studer, Noel"]
[Black "Meyer, Falko"]
[Result "1-0"]
[WhiteElo "2394"]
[BlackElo "2248"]
[PlyCount "57"]
[EventDate "2019.12.07"]
[EventType "swiss (blitz)"]
[EventRounds "22"]
[EventCountry "EST"]
[SourceTitle "CBM 193 Extra"]
[Source "ChessBase"]
[SourceDate "2020.01.31"]
[SourceVersion "1"]
[SourceVersionDate "2020.01.31"]
[SourceQuality "1"]

1. d4 c6 2. c4 d5 3. Nf3 Nf6 4. e3 a6 5. a4 e6 6. Nc3 a5 7. Be2 Na6 8. 0-0 Be7 9. b3 0-0 10. Bb2 Re8 11. Re1 Nb4 12. Bf1 c5 13. cxd5 cxd4 14. Nxd4 Nfxd5 15. Ncb5 e5 16. e4 Nb6 17. Nf5 Bxf5 18. exf5 f6 19. Qf3 Kh8 20. Red1 Qb8 21. Rac1 Rd8 22. Nc7 Ra7 23. Ne6 Rxd1 24. Rxd1 Ra8 25. Re1 Qc8 26. Re4 g5 27. fxg6 hxg6 28. Rh4+ Kg8 29. Qh3 1-0

[Event "EU-ch rapid"]
[Site "Tallinn"]
[Date "2019.12.05"]
[Round "3"]
[White "Meyer, Falko"]
[Black "Kulaots, Kaido"]
[Result "0-1"]
[WhiteElo "2248"]
[BlackElo "2544"]
[PlyCount "56"]
[EventDate "2019.12.05"]
[EventType "swiss"]
[EventRounds "13"]
[EventCountry "EST"]
[SourceTitle "CBM 193 Extra"]
[Source "ChessBase"]
[SourceDate "2020.01.31"]
[SourceVersion "1"]
[SourceVersionDate "2020.01.31"]
[SourceQuality "1"]

1. d4 Nf6 2. Nc3 d5 3. Bg5 Nbd7 4. Qd3 h6 5. Bf4 c6 6. Nf3 g6 7. Ne5 Bg7 8. f3 0-0 9. h4 Nh5 10. Bh2 e6 11. 0-0-0 Qxh4 12. Nxd7 Bxd7 13. g4 Ng3 14. Bxg3 Qxg3 15. e4 a5 16. e5 c5 17. Ne2 Qf2 18. dxc5 Bxe5 19. Rxh6 Rac8 20. Kb1 Rxc5 21. f4 Bg7 22. Rh3 Ba4 23. b3 Bb5 24. Qg3 Qxg3 25. Nxg3 Rfc8 26. Rh2 Bxf1 27. Rxf1 a4 28. Rg2 Rc3 0-1

[Event "Oberliga Nord N 1920"]
[Site "Germany"]
[Date "2019.10.20"]
[Round "2.7"]
[White "Bente, Bjoern"]
[Black "Meyer, Falko"]
[Result "1/2-1/2"]
[WhiteElo "2244"]
[BlackElo "2202"]
[PlyCount "41"]
[EventDate "2019.09.29"]
[EventType "team-tourn"]
[EventRounds "9"]
[EventCountry "GER"]
[SourceTitle "CBM 195 Extra"]
[Source "ChessBase"]
[SourceDate "2020.05.31"]
[SourceVersion "1"]
[SourceVersionDate "2020.05.31"]
[SourceQuality "1"]

1. d4 d5 2. Nf3 c6 3. c4 Nf6 4. e3 a6 5. Nc3 b5 6. cxd5 cxd5 7. Bd3 g6 8. 0-0 Bg7 9. Bd2 0-0 10. Ne5 Bb7 11. Qc2 Nbd7 12. Nxd7 Qxd7 13. Rfc1 Rfc8 14. Qb3 Ne4 15. Be1 Nxc3 16. Bxc3 Bc6 17. Ba5 e5 18. dxe5 Bxe5 19. Bc3 d4 20. Bxd4 Bxd4 21. exd4 1/2-1/2

[Event "Bundesliga 1718"]
[Site "Germany"]
[Date "2018.02.25"]
[Round "10.7"]
[White "Banusz, Tamas"]
[Black "Meyer, Falko"]
[Result "1-0"]
[WhiteElo "2617"]
[BlackElo "2212"]
[PlyCount "92"]
[EventDate "2017.10.21"]
[EventType "team-tourn"]
[EventRounds "15"]
[EventCountry "GER"]
[SourceTitle "CBM 183"]
[Source "ChessBase"]
[SourceDate "2018.03.14"]
[SourceVersion "1"]
[SourceVersionDate "2018.03.14"]
[SourceQuality "1"]
[WhiteTeam "Hockenheim"]
[BlackTeam "Norderstedt"]
[WhiteTeamCountry "GER"]
[BlackTeamCountry "GER"]

1. Nf3 d5 2. g3 g6 3. c4 d4 4. b4 Bg7 5. Bb2 e5 6. d3 a5 7. b5 c5 8. bxc6 Nxc6 9. Bg2 Nge7 10. 0-0 0-0 11. Na3 Nb4 12. Nc2 Nec6 13. Nxb4 Nxb4 14. Ne1 Rb8 15. Nc2 Na6 16. Na3 Re8 17. Nb5 Bf8 18. e3 Bg7 19. exd4 exd4 20. Ba3 Nb4 21. Bxb4 axb4 22. Bd5 Be6 23. Bxe6 Rxe6 24. Qf3 Qe7 25. a3 bxa3 26. Rxa3 Re1 27. Rxe1 Qxe1+ 28. Kg2 Qe7 29. Ra2 Qd7 30. Re2 h5 31. h4 Rc8 32. Re4 Rd8 33. Qf4 Qc6 34. Kh2 Rd7 35. Kg1 Qc5 36. Qb8+ Kh7 37. Qe8 Qc6 38. Re7 Rxe7 39. Qxe7 Qf3 40. Nd6 Kg8 41. Qxb7 Qxb7 42. Nxb7 Kf8 43. Kg2 Ke7 44. Kf3 Be5 45. Ke4 f6 46. Kd5 Bc7 1-0

[Event "Bundesliga 1718"]
[Site "Germany"]
[Date "2018.02.24"]
[Round "9.7"]
[White "Meyer, Falko"]
[Black "Margolin, Boris"]
[Result "0-1"]
[WhiteElo "2212"]
[BlackElo "2376"]
[PlyCount "112"]
[EventDate "2017.10.21"]
[EventType "team-tourn"]
[EventRounds "15"]
[EventCountry "GER"]
[SourceTitle "CBM 183"]
[Source "ChessBase"]
[SourceDate "2018.03.14"]
[SourceVersion "1"]
[SourceVersionDate "2018.03.14"]
[SourceQuality "1"]
[WhiteTeam "Norderstedt"]
[BlackTeam "Hofheim"]
[WhiteTeamCountry "GER"]
[BlackTeamCountry "GER"]

1. e4 e6 2. d4 d5 3. exd5 exd5 4. Bd3 c5 5. Qe2+ Be7 6. dxc5 Nf6 7. Nf3 0-0 8. 0-0 Bxc5 9. Nc3 Re8 10. Qd1 Be6 11. a3 a6 12. Bg5 h6 13. Bh4 Nc6 14. Re1 g5 15. Bg3 Bg4 16. Rxe8+ Qxe8 17. Be2 Rd8 18. b4 Bb6 19. b5 Ne4 20. Na4 axb5 21. Bxb5 Ba7 22. Qd3 f5 23. Bc7 Nxf2 24. Qb3 Nd3+ 25. Kh1 Nf2+ 26. Kg1 Ne4+ 27. Kh1 Rd7 28. Bb6 Bb8 29. Rd1 Bxf3 30. Qxf3 Qe5 31. g3 g4 32. Qe3 d4 33. Qxh6 Nxg3+ 34. Kg1 Qxb5 35. Qg6+ Rg7 36. Qe8+ Kh7 37. hxg3 Re7 38. Qh5+ Kg7 39. Qg5+ Kf7 40. Rf1 Re5 41. Qh5+ Ke7 42. Qh7+ Kd6 43. Qg6+ Kd7 44. Rd1 Bd6 45. Qf7+ Re7 46. Qf6 Qxa4 47. Qxf5+ Re6 48. Qxg4 Qxc2 49. Bxd4 Kc7 50. Bf2 Rg6 51. Qh5 Ne5 52. Qh7+ Kc6 53. Qh1+ Kc7 54. Qh7+ Nd7 55. Qh5 Bxg3 56. Qa5+ Kc8 0-1

[Event "Bundesliga 1718"]
[Site "Germany"]
[Date "2018.02.03"]
[Round "7.6"]
[White "Meyer, Falko"]
[Black "Kasimdzhanov, Rustam"]
[Result "0-1"]
[WhiteElo "2212"]
[BlackElo "2676"]
[PlyCount "68"]
[EventDate "2017.10.21"]
[EventType "team-tourn"]
[EventRounds "15"]
[EventCountry "GER"]
[SourceTitle "CBM 183"]
[Source "ChessBase"]
[SourceDate "2018.03.14"]
[SourceVersion "1"]
[SourceVersionDate "2018.03.14"]
[SourceQuality "1"]
[WhiteTeam "Norderstedt"]
[BlackTeam "Baden-Baden"]
[WhiteTeamCountry "GER"]
[BlackTeamCountry "GER"]

1. d4 Nf6 2. Nf3 d5 3. Bf4 e6 4. e3 Bd6 5. Bg3 0-0 6. Nbd2 c5 7. c3 b6 8. Bd3 Bb7 9. Qe2 Ne4 10. Bxd6 Nxd6 11. 0-0 Nd7 12. e4 cxd4 13. Nxd4 e5 14. Nb5 Nc5 15. exd5 Nxb5 16. Bxb5 Qxd5 17. Nf3 e4 18. Nd4 Kh8 19. Rfd1 Qg5 20. Qf1 a6 21. Be2 Rae8 22. b4 Na4 23. Bxa6 Bxa6 24. Qxa6 Nxc3 25. Re1 Nd5 26. g3 Nxb4 27. Qxb6 Nd3 28. Re2 f5 29. Rd1 Qh5 30. f3 Rb8 31. Qa6 Rbd8 32. g4 fxg4 33. Rxe4 Nc5 34. Qb5 gxf3 0-1

[Event "GER Cup 1617 final"]
[Site "Niederhausen"]
[Date "2017.06.16"]
[Round "3.11"]
[White "Woll, Wilfried"]
[Black "Meyer, Falko"]
[Result "1/2-1/2"]
[WhiteElo "2080"]
[BlackElo "2223"]
[PlyCount "68"]
[EventDate "2017.06.15"]
[EventType "swiss"]
[EventRounds "5"]
[EventCountry "GER"]
[SourceTitle "EXT 2019"]
[Source "ChessBase"]
[SourceDate "2018.10.10"]
[SourceVersion "1"]
[SourceVersionDate "2018.10.10"]
[SourceQuality "1"]

1. c4 e6 2. g3 d5 3. Bg2 Nf6 4. Nf3 c5 5. 0-0 Be7 6. cxd5 Nxd5 7. d4 0-0 8. e4 Nb6 9. dxc5 Bxc5 10. Qc2 Qe7 11. a3 Nc6 12. b4 Bd4 13. Nc3 a6 14. Bb2 Rd8 15. Rad1 Bf6 16. Rfe1 Rxd1 17. Nxd1 Bxb2 18. Nxb2 e5 19. Qc5 Qxc5 20. bxc5 Nd7 21. Na4 Rb8 22. Rb1 Kf8 23. Nd2 Nd4 24. Bf1 Ke7 25. Bc4 f6 26. f4 Kd8 27. Bd5 Kc7 28. Kf2 g5 29. f5 b5 30. cxb6+ Nxb6 31. Rc1+ Kd8 32. Rb1 Kc7 33. Rc1+ Kd8 34. Rb1 Kc7 1/2-1/2

[Event "Kesarovski Georgiev Memorial 14th"]
[Site "Sunny Beach"]
[Date "2015.09.08"]
[Round "4"]
[White "Meyer, Falko"]
[Black "Janev, Evgeni"]
[Result "1-0"]
[WhiteElo "2213"]
[BlackElo "2409"]
[PlyCount "71"]
[EventDate "2015.09.05"]
[EventType "swiss"]
[EventRounds "9"]
[EventCountry "BUL"]
[SourceTitle "EXT 2016"]
[Source "ChessBase"]
[SourceDate "2015.10.08"]
[SourceVersion "1"]
[SourceVersionDate "2015.10.08"]
[SourceQuality "1"]

1. d4 d6 2. e4 Nf6 3. Nd2 e5 4. dxe5 dxe5 5. Ngf3 Bc5 6. Bc4 0-0 7. 0-0 Nbd7 8. c3 a5 9. a4 Bd6 10. Qc2 Nc5 11. Rd1 Bg4 12. Re1 Nh5 13. h3 Bd7 14. Nf1 Nxa4 15. Rxa4 b5 16. Bxb5 Bxb5 17. Ra1 Bd7 18. Rd1 f5 19. c4 fxe4 20. Qxe4 Nf6 21. Qh4 e4 22. Ng5 Re8 23. Ng3 h6 24. c5 Bxg3 25. Qxg3 hxg5 26. c6 Qc8 27. Bxg5 Rf8 28. Bxf6 Rxf6 29. cxd7 Qd8 30. Ra4 Rf7 31. Rxe4 Rxd7 32. Qb3+ Kh7 33. Rxd7 Qxd7 34. Rh4+ Kg6 35. Qg3+ Kf7 36. Qf3+ 1-0